<?xml version="1.0" encoding="UTF-8"?>
<record
    xmlns:xsi="http://www.w3.org/2001/XMLSchema-instance"
    xsi:schemaLocation="http://www.loc.gov/MARC21/slim http://www.loc.gov/standards/marcxml/schema/MARC21slim.xsd"
    xmlns="http://www.loc.gov/MARC21/slim">

  <leader>00453    a2200169   4500</leader>
  <datafield tag="022" ind1=" " ind2=" ">
    <subfield code="a">8181283422</subfield>
  </datafield>
  <datafield tag="082" ind1=" " ind2=" ">
    <subfield code="a">660 GES</subfield>
  </datafield>
  <datafield tag="090" ind1=" " ind2=" ">
    <subfield code="c">39717</subfield>
    <subfield code="d">39717</subfield>
  </datafield>
  <datafield tag="100" ind1=" " ind2=" ">
    <subfield code="a">Hyman D Gesser</subfield>
  </datafield>
  <datafield tag="245" ind1=" " ind2=" ">
    <subfield code="a">Applied Chemistry: A Textbook For engineers and Technologists</subfield>
  </datafield>
  <datafield tag="250" ind1=" " ind2=" ">
    <subfield code="a">1</subfield>
  </datafield>
  <datafield tag="260" ind1=" " ind2=" ">
    <subfield code="a">New Delhi</subfield>
    <subfield code="b">Rajkamal Electric Press</subfield>
    <subfield code="c">2002</subfield>
  </datafield>
  <datafield tag="300" ind1=" " ind2=" ">
    <subfield code="a">xxvi, 363</subfield>
    <subfield code="b">Photostate</subfield>
  </datafield>
  <datafield tag="500" ind1=" " ind2=" ">
    <subfield code="a">H &amp; S Textbook</subfield>
  </datafield>
  <datafield tag="505" ind1=" " ind2=" ">
    <subfield code="a">AHQ Books</subfield>
  </datafield>
  <datafield tag="942" ind1=" " ind2=" ">
    <subfield code="a">CAENUST</subfield>
    <subfield code="k">660 GES</subfield>
    <subfield code="c">HS</subfield>
  </datafield>
  <datafield tag="999" ind1=" " ind2=" ">
    <subfield code="c">473280</subfield>
    <subfield code="d">473280</subfield>
  </datafield>
  <datafield tag="952" ind1=" " ind2=" ">
    <subfield code="0">0</subfield>
    <subfield code="1">0</subfield>
    <subfield code="4">0</subfield>
    <subfield code="7">0</subfield>
    <subfield code="a">CAE</subfield>
    <subfield code="b">CAE </subfield>
    <subfield code="d">2018-03-30</subfield>
    <subfield code="l">0</subfield>
    <subfield code="o">660 GES</subfield>
    <subfield code="p">CAE82690</subfield>
    <subfield code="r">2018-03-30</subfield>
    <subfield code="w">2018-03-30</subfield>
    <subfield code="y">BK</subfield>
  </datafield>
  <datafield tag="952" ind1=" " ind2=" ">
    <subfield code="0">0</subfield>
    <subfield code="1">0</subfield>
    <subfield code="4">0</subfield>
    <subfield code="7">0</subfield>
    <subfield code="a">CAE</subfield>
    <subfield code="b">CAE </subfield>
    <subfield code="d">2018-03-30</subfield>
    <subfield code="l">0</subfield>
    <subfield code="o">660 GES</subfield>
    <subfield code="p">CAE82720</subfield>
    <subfield code="r">2018-03-30</subfield>
    <subfield code="w">2018-03-30</subfield>
    <subfield code="y">BK</subfield>
  </datafield>
  <datafield tag="952" ind1=" " ind2=" ">
    <subfield code="0">0</subfield>
    <subfield code="1">0</subfield>
    <subfield code="4">0</subfield>
    <subfield code="7">0</subfield>
    <subfield code="a">CAE</subfield>
    <subfield code="b">CAE </subfield>
    <subfield code="d">2018-03-30</subfield>
    <subfield code="l">0</subfield>
    <subfield code="o">660 GES</subfield>
    <subfield code="p">CAE82707</subfield>
    <subfield code="r">2018-03-30</subfield>
    <subfield code="w">2018-03-30</subfield>
    <subfield code="y">BK</subfield>
  </datafield>
  <datafield tag="952" ind1=" " ind2=" ">
    <subfield code="0">0</subfield>
    <subfield code="1">0</subfield>
    <subfield code="4">0</subfield>
    <subfield code="7">0</subfield>
    <subfield code="a">CAE</subfield>
    <subfield code="b">CAE </subfield>
    <subfield code="d">2018-03-30</subfield>
    <subfield code="l">0</subfield>
    <subfield code="o">660 GES</subfield>
    <subfield code="p">CAE82697</subfield>
    <subfield code="r">2018-03-30</subfield>
    <subfield code="w">2018-03-30</subfield>
    <subfield code="y">BK</subfield>
  </datafield>
  <datafield tag="952" ind1=" " ind2=" ">
    <subfield code="0">0</subfield>
    <subfield code="1">0</subfield>
    <subfield code="4">0</subfield>
    <subfield code="7">0</subfield>
    <subfield code="a">CAE</subfield>
    <subfield code="b">CAE </subfield>
    <subfield code="d">2018-03-30</subfield>
    <subfield code="l">0</subfield>
    <subfield code="o">660 GES</subfield>
    <subfield code="p">CAE82699</subfield>
    <subfield code="r">2018-03-30</subfield>
    <subfield code="w">2018-03-30</subfield>
    <subfield code="y">BK</subfield>
  </datafield>
  <datafield tag="952" ind1=" " ind2=" ">
    <subfield code="0">0</subfield>
    <subfield code="1">0</subfield>
    <subfield code="4">0</subfield>
    <subfield code="7">0</subfield>
    <subfield code="a">CAE</subfield>
    <subfield code="b">CAE </subfield>
    <subfield code="d">2018-03-30</subfield>
    <subfield code="l">0</subfield>
    <subfield code="o">660 GES</subfield>
    <subfield code="p">CAE82716</subfield>
    <subfield code="r">2018-03-30</subfield>
    <subfield code="w">2018-03-30</subfield>
    <subfield code="y">BK</subfield>
  </datafield>
  <datafield tag="952" ind1=" " ind2=" ">
    <subfield code="0">0</subfield>
    <subfield code="1">0</subfield>
    <subfield code="4">0</subfield>
    <subfield code="7">0</subfield>
    <subfield code="a">CAE</subfield>
    <subfield code="b">CAE </subfield>
    <subfield code="d">2018-03-30</subfield>
    <subfield code="l">0</subfield>
    <subfield code="o">660 GES</subfield>
    <subfield code="p">CAE82715</subfield>
    <subfield code="r">2018-03-30</subfield>
    <subfield code="w">2018-03-30</subfield>
    <subfield code="y">BK</subfield>
  </datafield>
  <datafield tag="952" ind1=" " ind2=" ">
    <subfield code="0">0</subfield>
    <subfield code="1">0</subfield>
    <subfield code="4">0</subfield>
    <subfield code="7">0</subfield>
    <subfield code="a">CAE</subfield>
    <subfield code="b">CAE </subfield>
    <subfield code="d">2018-03-30</subfield>
    <subfield code="l">0</subfield>
    <subfield code="o">660 GES</subfield>
    <subfield code="p">CAE82686</subfield>
    <subfield code="r">2018-03-30</subfield>
    <subfield code="w">2018-03-30</subfield>
    <subfield code="y">BK</subfield>
  </datafield>
  <datafield tag="952" ind1=" " ind2=" ">
    <subfield code="0">0</subfield>
    <subfield code="1">0</subfield>
    <subfield code="4">0</subfield>
    <subfield code="7">0</subfield>
    <subfield code="a">CAE</subfield>
    <subfield code="b">CAE </subfield>
    <subfield code="d">2018-03-30</subfield>
    <subfield code="l">0</subfield>
    <subfield code="o">660 GES</subfield>
    <subfield code="p">CAE82705</subfield>
    <subfield code="r">2018-03-30</subfield>
    <subfield code="w">2018-03-30</subfield>
    <subfield code="y">BK</subfield>
  </datafield>
  <datafield tag="952" ind1=" " ind2=" ">
    <subfield code="0">0</subfield>
    <subfield code="1">0</subfield>
    <subfield code="4">0</subfield>
    <subfield code="7">0</subfield>
    <subfield code="a">CAE</subfield>
    <subfield code="b">CAE </subfield>
    <subfield code="d">2018-03-30</subfield>
    <subfield code="l">0</subfield>
    <subfield code="o">660 GES</subfield>
    <subfield code="p">CAE82721</subfield>
    <subfield code="r">2018-03-30</subfield>
    <subfield code="w">2018-03-30</subfield>
    <subfield code="y">BK</subfield>
  </datafield>
  <datafield tag="952" ind1=" " ind2=" ">
    <subfield code="0">0</subfield>
    <subfield code="1">0</subfield>
    <subfield code="4">0</subfield>
    <subfield code="7">0</subfield>
    <subfield code="a">CAE</subfield>
    <subfield code="b">CAE </subfield>
    <subfield code="d">2018-03-30</subfield>
    <subfield code="l">0</subfield>
    <subfield code="o">660 GES</subfield>
    <subfield code="p">CAE82692</subfield>
    <subfield code="r">2018-03-30</subfield>
    <subfield code="w">2018-03-30</subfield>
    <subfield code="y">BK</subfield>
  </datafield>
  <datafield tag="952" ind1=" " ind2=" ">
    <subfield code="0">0</subfield>
    <subfield code="1">0</subfield>
    <subfield code="4">0</subfield>
    <subfield code="7">0</subfield>
    <subfield code="a">CAE</subfield>
    <subfield code="b">CAE </subfield>
    <subfield code="d">2018-03-30</subfield>
    <subfield code="l">0</subfield>
    <subfield code="o">660 GES</subfield>
    <subfield code="p">CAE82698</subfield>
    <subfield code="r">2018-03-30</subfield>
    <subfield code="w">2018-03-30</subfield>
    <subfield code="y">BK</subfield>
  </datafield>
  <datafield tag="952" ind1=" " ind2=" ">
    <subfield code="0">0</subfield>
    <subfield code="1">0</subfield>
    <subfield code="4">0</subfield>
    <subfield code="7">0</subfield>
    <subfield code="a">CAE</subfield>
    <subfield code="b">CAE </subfield>
    <subfield code="d">2018-03-30</subfield>
    <subfield code="l">0</subfield>
    <subfield code="o">660 GES</subfield>
    <subfield code="p">CAE82683</subfield>
    <subfield code="r">2018-03-30</subfield>
    <subfield code="w">2018-03-30</subfield>
    <subfield code="y">BK</subfield>
  </datafield>
  <datafield tag="952" ind1=" " ind2=" ">
    <subfield code="0">0</subfield>
    <subfield code="1">0</subfield>
    <subfield code="4">0</subfield>
    <subfield code="7">0</subfield>
    <subfield code="a">CAE</subfield>
    <subfield code="b">CAE </subfield>
    <subfield code="d">2018-03-30</subfield>
    <subfield code="l">0</subfield>
    <subfield code="o">660 GES</subfield>
    <subfield code="p">CAE82691</subfield>
    <subfield code="r">2018-03-30</subfield>
    <subfield code="w">2018-03-30</subfield>
    <subfield code="y">BK</subfield>
  </datafield>
  <datafield tag="952" ind1=" " ind2=" ">
    <subfield code="0">0</subfield>
    <subfield code="1">0</subfield>
    <subfield code="4">0</subfield>
    <subfield code="7">0</subfield>
    <subfield code="a">CAE</subfield>
    <subfield code="b">CAE </subfield>
    <subfield code="d">2018-03-30</subfield>
    <subfield code="l">0</subfield>
    <subfield code="o">660 GES</subfield>
    <subfield code="p">CAE82701</subfield>
    <subfield code="r">2018-03-30</subfield>
    <subfield code="w">2018-03-30</subfield>
    <subfield code="y">BK</subfield>
  </datafield>
  <datafield tag="952" ind1=" " ind2=" ">
    <subfield code="0">0</subfield>
    <subfield code="1">0</subfield>
    <subfield code="4">0</subfield>
    <subfield code="7">0</subfield>
    <subfield code="a">CAE</subfield>
    <subfield code="b">CAE </subfield>
    <subfield code="d">2018-03-30</subfield>
    <subfield code="l">0</subfield>
    <subfield code="o">660 GES</subfield>
    <subfield code="p">CAE82719</subfield>
    <subfield code="r">2018-03-30</subfield>
    <subfield code="w">2018-03-30</subfield>
    <subfield code="y">BK</subfield>
  </datafield>
  <datafield tag="952" ind1=" " ind2=" ">
    <subfield code="0">0</subfield>
    <subfield code="1">0</subfield>
    <subfield code="4">0</subfield>
    <subfield code="7">0</subfield>
    <subfield code="a">CAE</subfield>
    <subfield code="b">CAE </subfield>
    <subfield code="d">2018-03-30</subfield>
    <subfield code="l">0</subfield>
    <subfield code="o">660 GES</subfield>
    <subfield code="p">CAE82679</subfield>
    <subfield code="r">2018-03-30</subfield>
    <subfield code="w">2018-03-30</subfield>
    <subfield code="y">BK</subfield>
  </datafield>
  <datafield tag="952" ind1=" " ind2=" ">
    <subfield code="0">0</subfield>
    <subfield code="1">0</subfield>
    <subfield code="4">0</subfield>
    <subfield code="7">0</subfield>
    <subfield code="a">CAE</subfield>
    <subfield code="b">CAE </subfield>
    <subfield code="d">2018-03-30</subfield>
    <subfield code="l">0</subfield>
    <subfield code="o">660 GES</subfield>
    <subfield code="p">CAE82722</subfield>
    <subfield code="r">2018-03-30</subfield>
    <subfield code="w">2018-03-30</subfield>
    <subfield code="y">BK</subfield>
  </datafield>
</record>
